[Event "JUG-URS"]
[Site "URS"]
[Date "1979.??.??"]
[Round "?"]
[White "Balashov, Yuri S"]
[Black "Matulovic, Milan"]
[Result "1/2-1/2"]
[WhiteElo "2600"]
[BlackElo "2510"]

1.e4 c5 2.Nf3 Nc6 3.d4 cxd4 4.Nxd4 Qc7 5.Nc3 e6 6.Be2 a6 7.O-O Nf6 8.Kh1 Nxd4
9.Qxd4 Bc5 10.Qd3 b5 11.f4 h5 12.Be3 Bxe3 13.Qxe3 b4 14.Na4 Qa7 15.Qxa7 Rxa7
16.Bd3 Bb7 17.Nc5 d6 18.Nxb7 Rxb7 19.Bxa6 Ra7 20.Bd3 Ke7 21.Rfe1 Rha8 22.Bc4 Rc8
23.Bb3 Nd7 24.Rad1 Nc5 25.Rd2 Rac7 26.Ree2 Ra7 27.Re1 Rac7 28.Ree2  1/2-1/2

[Event "BCF-ch"]
[Site "Brighton"]
[Date "1980.08.09"]
[Round "6"]
[White "Pritchett, Craig William"]
[Black "Large, Peter G"]
[Result "1-0"]
[WhiteElo "2390"]
[BlackElo "2310"]

1.e4 c5 2.Nf3 Nc6 3.d4 cxd4 4.Nxd4 Qb6 5.Nb3 Nf6 6.Nc3 e6 7.Bd3 d6 8.O-O Be7
9.Be3 Qc7 10.f4 a6 11.Qf3 O-O 12.Rae1 b5 13.Kh1 Bb7 14.Qh3 Nb4 15.Nd4 g6
16.f5 gxf5 17.exf5 e5 18.Bh6 Kh8 19.Bxf8 Rxf8 20.Nf3 Rg8 21.a3 Nxd3 22.cxd3 Ng4
23.Qh5 Qb6 24.Re2 Rg7 25.Ne4 Nf6 26.Nxf6 Bxf6 27.Qh6 Qd8 28.Qe3 Qd7 29.Qa7 Qc6
30.Ree1 Bg5 31.Qf2 Bd8 32.Rc1 Qd5 33.Qe2 Bb6 34.Rc2 a5 35.b4 axb4 36.axb4 Rg8
37.Qd2 Rg4 38.Qh6 Rg8 39.Qf6+ Rg7 40.Rfc1 Qxf3 41.Rc8+  1-0

[Event "Malta ol (Men)"]
[Site "La Valetta"]
[Date "1980.??.??"]
[Round "?"]
[White "Maki, Veijo"]
[Black "Silva, Fernando"]
[Result "1-0"]
[WhiteElo "2355"]
[BlackElo "2380"]

1.e4 c5 2.Nf3 Nc6 3.d4 cxd4 4.Nxd4 Qb6 5.Nb3 Nf6 6.Nc3 e6 7.Bg5 Be7 8.Be2 a6
9.O-O Qc7 10.f4 h6 11.Bxf6 gxf6 12.Bh5 b5 13.Kh1 Bb7 14.Qe2 Rf8 15.Rad1 O-O-O
16.a4 b4 17.Nd5 exd5 18.exd5 Ne5 19.Rd4 Kb8 20.fxe5 fxe5 21.Rc4 Qd6 22.Nc5 f5
23.Nxb7 Kxb7 24.c3 bxc3 25.bxc3 Ka8 26.Rc6  1-0

[Event "Manchester Benedictine"]
[Site "Manchester"]
[Date "1980.??.??"]
[Round "1"]
[White "Wells, Ian Duncan"]
[Black "Fuster, Geza"]
[Result "1-0"]
[WhiteElo "2220"]
[BlackElo "2240"]

1.e4 c5 2.Nf3 Nc6 3.d4 cxd4 4.Nxd4 Qc7 5.Nc3 Nf6 6.Be2 e6 7.Be3 a6 8.a3 b5
9.O-O Bb7 10.f4 d6 11.Bf3 Rc8 12.Kh1 Be7 13.Qe1 Nxd4 14.Bxd4 e5 15.Be3 O-O
16.f5 a5 17.Bg5 Qb6 18.Qd2 Rfd8 19.Be3 Qc6 20.Rfc1 b4 21.axb4 axb4 22.Nd5 Nxd5
23.exd5 Qc4 24.Ra7 Ba8 25.Rxe7  1-0

[Event "Lido op"]
[Site "Venice"]
[Date "1980.??.??"]
[Round "2"]
[White "Paoli, Enrico"]
[Black "Janosevic, Dragoljub"]
[Result "1/2-1/2"]
[WhiteElo "2220"]
[BlackElo "2440"]

1.e4 c5 2.Nf3 Nc6 3.d4 cxd4 4.Nxd4 Qc7 5.Nc3 e6 6.g3 a6 7.Bg2 Nf6 8.O-O Be7
9.Nce2 O-O 10.c4 Nxd4 11.Qxd4 e5 12.Qd3 d6 13.Bg5 Be6 14.b3 h6 15.Bxf6 Bxf6
16.Rad1 Rfd8 17.Nc3 Rac8 18.Nd5 Bxd5 19.Qxd5 Qc6 20.Bf3 Qxd5 21.Rxd5 Rc5
22.Rfd1 Rxd5 23.Rxd5 b6  1/2-1/2

[Event "Biel op"]
[Site "Biel"]
[Date "1981.??.??"]
[Round "?"]
[White "Campora, Daniel H"]
[Black "Janosevic, Dragoljub"]
[Result "1-0"]
[WhiteElo "2455"]
[BlackElo "2370"]

1.e4 c5 2.Nf3 Nc6 3.d4 cxd4 4.Nxd4 Qc7 5.Nc3 e6 6.g3 a6 7.Bg2 Nf6 8.O-O Be7
9.Be3 d6 10.Nxc6 bxc6 11.Na4 Rb8 12.c4 c5 13.Qc2 Ng4 14.Bf4 Bf6 15.Rab1 Bd4
16.h3 Ne5 17.Rfd1 Nc6 18.a3 O-O 19.Nc3 Bd7 20.Nd5 exd5 21.cxd5 Nb4 22.axb4 Rxb4
23.Bd2 Rb7 24.Bc3 Bxc3 25.Qxc3 Rfb8 26.Ra1 Rb3 27.Qe1 R8b6 28.Rd2 Qb8 29.Kh2 f6
30.Ra2 Qe8 31.Qe2 Bc8 32.f4 Kf8 33.Ra5 R3b5 34.Ra3 Rb3 35.Ra2 R3b4 36.Qf2 Kg8
37.Re2 Bd7 38.Ra3 Bb5 39.Rd2 Bc4 40.Rc3 a5 41.Re3 Qb8 42.e5 fxe5 43.fxe5 dxe5
44.Qe1 Bb5 45.Rxe5 Bd7 46.Re7 Qd6 47.Rf2  1-0

[Event "Helsinki"]
[Site "Helsinki"]
[Date "1981.??.??"]
[Round "3"]
[White "Sznapik, Aleksander"]
[Black "Matulovic, Milan"]
[Result "1-0"]
[WhiteElo "2450"]
[BlackElo "2490"]

1.e4 c5 2.Nf3 Nc6 3.d4 cxd4 4.Nxd4 Qc7 5.Nc3 e6 6.Be2 a6 7.O-O Nf6 8.Be3 Bb4
9.Na4 Bd6 10.Nb6 Rb8 11.g3 Be7 12.Nxc6 bxc6 13.Nxc8 Qxc8 14.e5 Nd5 15.Bc1 Bc5
16.Bd3 a5 17.Qg4 g6 18.c4 Ne7 19.b3 a4 20.Rb1 axb3 21.axb3 Nf5 22.Bg5 Be7
23.Bxe7 Nxe7 24.b4 h5 25.Qh4 Qd8 26.Qf6 Rg8 27.Qf3 Qc7 28.Rfe1 Kf8 29.Qf6 Qd8
30.Red1 Ke8 31.Be4 Rb6 32.b5 cxb5 33.cxb5 Nd5 34.Bxd5 exd5 35.Qf3 Kf8 36.Qxd5 Kg7
37.Qxd7 Qa8 38.Qd4 Re6 39.b6 Rb8 40.Rb5 Qf3 41.Rdb1 Rb7 42.h4 Kh7 43.R1b3 Qe2
44.Rd5 Qe1+ 45.Kg2 Rexb6 46.Rxb6 Rxb6 47.Qf4 Rb7 48.Rd8 f6 49.exf6 Qe6 50.Qd6 Qe4+
51.Kh2 Qf5 52.Qd4 Rf7 53.Rd6 Qf3 54.Ra6 Qf5 55.Ra7 Qe6 56.Rxf7+ Qxf7 57.Qd6 Kg8  1-0

[Event "Smederevo"]
[Site "Smederevo"]
[Date "1981.??.??"]
[Round "?"]
[White "Mednis, Edmar John"]
[Black "Hulak, Krunoslav"]
[Result "1-0"]
[WhiteElo "2475"]
[BlackElo "2470"]

1.e4 c5 2.Nf3 Nc6 3.d4 cxd4 4.Nxd4 Qc7 5.Nc3 e6 6.Be2 a6 7.O-O Nf6 8.Kh1 Be7
9.f4 d6 10.Be3 Bd7 11.Qe1 b5 12.a3 Nxd4 13.Bxd4 Bc6 14.Qg3 g6 15.Bf3 Qb7
16.Rae1 O-O 17.f5 e5 18.Be3 Kh8 19.Bg5 Ng8 20.fxg6 fxg6 21.Rd1 Rad8 22.Rfe1 Bxg5
23.Qxg5 Nf6 24.b4 Kg7 25.Qe3 Rd7 26.Rd3 Qc7 27.Nd1 Bb7 28.Rc3 Qd8 29.Nf2 Rc7
30.Rd1 Rxc3 31.Qxc3 Qb6 32.Qd2 Rf7 33.h3 Nh5 34.Kh2 Nf4 35.Ng4 h5 36.Ne3 Rf6
37.c4 Bc6 38.Rc1 Qb7 39.Nd5 Nxd5 40.exd5 Bd7 41.c5 Qc8 42.Qg5 Qe8 43.Be4 Rf4
44.Re1 Rf6 45.Re3 Qf7 46.cxd6 Qf8 47.Qxe5 Qxd6 48.Bf3 Kf7 49.Qxd6 Rxd6 50.Kg3 Kf6
51.Kf4 Bf5 52.h4 a5 53.Rc3 axb4 54.axb4 Bd7 55.Ra3 Bf5 56.Rc3 Bd7 57.Ra3 Bf5
58.Ra5 Bd3 59.Ke3 Bc4 60.Kd4 g5 61.hxg5+ Kxg5 62.Ra8  1-0

[Event "Smederevska Palanka"]
[Site "Smederevska Palanka"]
[Date "1981.??.??"]
[Round "2"]
[White "Ristic, Nenad"]
[Black "Nikolic, Stanimir"]
[Result "0-1"]
[WhiteElo "2340"]
[BlackElo "2375"]

1.e4 c5 2.Nf3 Nc6 3.d4 cxd4 4.Nxd4 Qb6 5.Nb3 Nf6 6.Nc3 a6 7.Be3 Qc7 8.Qd2 d6
9.f3 e6 10.O-O-O Be7 11.g4 b5 12.Kb1 Bb7 13.Bxb5 axb5 14.Nxb5 Qb8 15.Nxd6+ Bxd6
16.Qxd6 Qxd6 17.Rxd6 Nd7 18.Nc5 O-O-O 19.Nxb7 Kxb7 20.Rd3 Nde5 21.Rb3+ Kc8
22.Rc3 Kc7 23.Bf4 f6 24.g5 Rd4 25.gxf6 gxf6 26.Rg1 Rhd8 27.Kc1 R8d7 28.b3 Kb7
29.Be3 R4d6 30.f4 Nf3 31.Rh1 Nfd4 32.Kb2 Ne2 33.Rc5 Rg7 34.Rb5+ Kc7 35.Rh5 e5
36.fxe5 fxe5 37.Rf1 Ned4 38.b4 Nxb4 39.Rxe5 Ndxc2 40.Rc5+ Kd7 41.Rxc2 Nxc2
42.Kxc2 Ke6 43.Rf5 Rc7+ 44.Kb2 Rc4 45.Rh5 Rd7 46.Rh6+ Ke5 47.Rh5+ Kxe4 48.Rh4+ Kd3
49.Rxc4 Kxc4 50.Kc2 Kb4 51.Bf4 Ka3 52.h4 Kxa2 53.h5 Ka3 54.h6 Kb4 55.Be5 Kc5
56.Bg7 Rd5 57.Kc3 Kd6 58.Kc4 Ke6 59.Bb2 Rd7 60.Bh8 Kf5 61.Bg7 Ke4 62.Kc5 Rd8
63.Bf6 Rd5+ 64.Kc6 Ra5 65.Bg7 Kf5 66.Kd6 Ra8 67.Kd5 Rd8+ 68.Kc4 Ke4 69.Kc5 Ra8
70.Kd6 Ra5 71.Bf8 Rd5+ 72.Ke6 Rd1 73.Bg7 Rb1 74.Kd6 Rb5 75.Bf8 Kf5 76.Bg7 Ra5
77.Bf8 Kf6 78.Bg7+ Kf7 79.Kc6 Ke6 80.Kb6 Rd5 81.Kc6 Rf5 82.Bh8 Rf8 83.Bg7 Rc8+
84.Kb7 Rc1 85.Kb6 Kd5 86.Kb7 Rc6 87.Bf8 Re6 88.Kc7 Ke5 89.Kd7 Kf6 90.Bg7+ Kf7
91.Bf8 Rg6 92.Bb4 Rxh6 93.Bc3 Rg6 94.Be1 Kf6  0-1

[Event "Tirnava"]
[Site "Trnava"]
[Date "1981.??.??"]
[Round "1"]
[White "Banas, Jan"]
[Black "Cabrilo, Goran"]
[Result "1-0"]
[WhiteElo "2375"]
[BlackElo "2425"]

1.e4 c5 2.Nf3 Nc6 3.d4 cxd4 4.Nxd4 Qb6 5.Nb3 Nf6 6.Nc3 e6 7.Bd3 d6 8.O-O Be7
9.Be3 Qc7 10.f4 O-O 11.g4 a6 12.g5 Nd7 13.Qh5 Re8 14.Rf3 Nf8 15.e5 g6 16.Qh6 d5
17.Nd1 d4 18.Bd2 b5 19.Nf2 Bb7 20.Ne4 Nxe5 21.Nf6+ Kh8 22.Rh3 Nf3+ 23.Kf2  1-0

[Event "Tuzla"]
[Site "Tuzla"]
[Date "1981.??.??"]
[Round "1"]
[White "Nurkic, Sahbaz"]
[Black "Kurajica, Bojan"]
[Result "1/2-1/2"]
[WhiteElo "2200"]
[BlackElo "2500"]

1.e4 c5 2.Nf3 Nc6 3.d4 cxd4 4.Nxd4 Qc7 5.Nc3 e6 6.Be3 Nf6 7.Be2 Be7 8.O-O O-O
9.Kh1 d6 10.f4 Nxd4 11.Bxd4 e5 12.Be3 exf4 13.Bxf4 Be6 14.Qe1 Nd7 15.Qg3 Ne5
16.Rad1 a6 17.Rd2 Rad8 18.Qf2 b5 19.a3 Rb8 20.Qd4 Qd8 21.Rfd1 Qc7 22.Nd5 Bxd5
23.Qxd5 Rfe8 24.Bxe5 dxe5 25.Qd7 Qb6  1/2-1/2

[Event "Vrsac"]
[Site "Vrsac"]
[Date "1981.??.??"]
[Round "14"]
[White "Simic, Sinisa"]
[Black "Matulovic, Milan"]
[Result "0-1"]
[WhiteElo "2200"]
[BlackElo "2495"]

1.e4 c5 2.Nf3 Nc6 3.d4 cxd4 4.Nxd4 Qc7 5.c4 Nf6 6.Nc3 Nxe4 7.Ndb5 Qa5 8.Bd3 Nxc3
9.Nxc3 g6 10.O-O Bg7 11.Bd2 O-O 12.Nd5 Qd8 13.Bc3 d6 14.Bxg7 Kxg7 15.Kh1 e5
16.Qd2 Be6 17.Nc3 Qa5 18.a3 Nd4 19.b4 Qd8 20.Rad1 Rc8 21.Ne2 Qb6 22.Qe3 Nxe2
23.Qxe2 Qc7 24.h3 Rfd8 25.Qe3 a5 26.Rc1 axb4 27.axb4 f5 28.f4 e4 29.Qd4+ Kg8
30.Be2 Qg7 31.Rfd1 Qxd4 32.Rxd4 Kf7 33.Ra1 Ra8 34.Rxa8 Rxa8 35.c5 d5 36.Kg1 Ke7
37.Bb5 h6 38.h4 Bf7 39.Kf2 Ra2+ 40.Kf1 Rb2 41.c6 bxc6 42.Bxc6 Kd6 43.Bb5 g5
44.hxg5 hxg5 45.g3 Rb3 46.Kg2 gxf4 47.gxf4 Bh5  0-1

[Event "Rakovica"]
[Site "Belgrade"]
[Date "1982.??.??"]
[Round "?"]
[White "Chandler, Murray G"]
[Black "Barlov, Dragan"]
[Result "1-0"]
[WhiteElo "2505"]
[BlackElo "2425"]

1.e4 c5 2.Nf3 Nc6 3.d4 cxd4 4.Nxd4 Qb6 5.Nb3 Nf6 6.Nc3 e6 7.g3 a6 8.Bg2 d6
9.Bg5 Qc7 10.Bxf6 gxf6 11.O-O Bd7 12.a4 Ne5 13.Ne2 h5 14.Nf4 h4 15.Nh5 Rh6
16.g4 O-O-O 17.h3 Be7 18.Nd4 Rg8 19.Ra3 Kb8 20.Kh1 Nc6 21.Qd2 Rhg6 22.Nf4 R6g7
23.Nxc6+ Bxc6 24.b4 f5 25.b5 Bxe4 26.Bxe4 fxe4 27.bxa6 Qc6 28.Qe3 Bg5 29.Rb1 f5
30.Rab3 Qxa6 31.Rb6 Qc4 32.gxf5 exf5 33.a5 d5 34.a6 d4 35.Qa3 Bxf4 36.axb7 Kc7
37.b8=Q+ Rxb8 38.Qa7+  1-0

[Event "Caorle op"]
[Site "Caorle"]
[Date "1982.??.??"]
[Round "3"]
[White "Lagumina, Salvino"]
[Black "Rajkovic, Dusan"]
[Result "0-1"]
[WhiteElo "2145"]
[BlackElo "2460"]

1.e4 c5 2.Nf3 Nc6 3.d4 cxd4 4.Nxd4 Qb6 5.Nb3 Nf6 6.Nc3 e6 7.Bd3 Be7 8.O-O d6
9.Be3 Qc7 10.f4 a6 11.Qf3 O-O 12.Rae1 Nb4 13.Qg3 Nd7 14.Bd4 e5 15.fxe5 Nxe5
16.Nd5 Nxd5 17.exd5 g6 18.c4 f5 19.c5 f4 20.Rxf4 Rxf4 21.Qxf4 Nxd3 22.Qh6 Bf8
23.Re8 Qf7 24.Qe3 Nf4 25.cxd6 Bg4  0-1

[Event "Caorle op"]
[Site "Caorle"]
[Date "1982.??.??"]
[Round "3"]
[White "Popovic, Petar"]
[Black "Martinovic, Slobodan"]
[Result "1-0"]
[WhiteElo "2495"]
[BlackElo "2460"]

1.e4 c5 2.Nf3 Nc6 3.d4 cxd4 4.Nxd4 Qb6 5.Nb3 Nf6 6.Nc3 e6 7.Bd3 Be7 8.O-O d6
9.Kh1 O-O 10.f4 Qc7 11.Qe2 a6 12.Bd2 b5 13.a3 Rb8 14.Rae1 b4 15.axb4 Nxb4
16.e5 Ne8 17.Nb5 axb5 18.Bxb4 dxe5 19.Bxe7 Qxe7 20.Qxe5 Nd6 21.Nd4 Bd7 22.Rf3 Nc4
23.Bxh7+ Kxh7 24.Qh5+ Kg8 25.Nf5  1-0

[Event "Hong Kong zt qual"]
[Site "Hong Kong"]
[Date "1982.??.??"]
[Round "?"]
[White "Balinas, Rosendo Carrean"]
[Black "Mahmud, Syarif"]
[Result "0-1"]
[WhiteElo "2355"]
[BlackElo "2260"]

1.e4 c5 2.Ne2 Nc6 3.d4 cxd4 4.Nxd4 Qc7 5.Nc3 e6 6.Be3 a6 7.Bd3 Nf6 8.O-O Be7
9.Kh1 h5 10.f4 d6 11.Nf3 b5 12.Qe1 Bb7 13.Bg1 Rb8 14.Qg3 h4 15.Nxh4 Nh5 16.Qf2 g5
17.fxg5 Bxg5 18.Nf3 Be3 19.Qe1 Bf4 20.Ne2 Be5 21.Nxe5 Nxe5 22.Bd4 Qe7 23.Bxe5 dxe5
24.Qc3 f6 25.a3 Rd8 26.Rf2 Qh7 27.Kg1 Bxe4 28.Bxe4 Qxe4 29.Ng3 Nxg3 30.Qxg3 Kf7
31.Raf1 f5 32.Qb3 Kf6 33.Qc3 Rd5 34.Qa5 Rd6 35.Re1 Qh4 36.g3 Qd4 37.c3 Qa7
38.Kf1 Rhd8 39.c4 Qb7 40.Kg1 Rd1 41.c5 Qe4 42.Ref1 Rxf1+ 43.Rxf1 Qe3+ 44.Kh1 Rd2
45.Qb4 Qe2 46.Qh4+ Kg6 47.Qh3 Qe4+ 48.Kg1 Qd4+ 49.Kh1 Qd5+ 50.Kg1 Qxc5+ 51.Kh1 Qd5+
52.Kg1 Qd4+ 53.Kh1 Qe4+ 54.Kg1 Qe3+ 55.Kh1 Rxb2 56.Ra1 Qf3+ 57.Kg1 e4 58.Rf1 Qh5
59.Qxh5+ Kxh5 60.Rc1 Kg4 61.Rc3 e5 62.Re3 a5  0-1

[Event "Smederevska Palanka"]
[Site "Smederevska Palanka"]
[Date "1982.??.??"]
[Round "1"]
[White "Matulovic, Milan"]
[Black "Martinovic, Slobodan"]
[Result "0-1"]
[WhiteElo "2460"]
[BlackElo "2460"]

1.e4 c5 2.Nf3 Nc6 3.d4 cxd4 4.Nxd4 Qb6 5.Nb3 Nf6 6.Nc3 e6 7.Bd3 Be7 8.O-O O-O
9.Kh1 d6 10.f4 Qc7 11.Bd2 a6 12.Qf3 b5 13.Rae1 b4 14.Nd1 a5 15.e5 Nd5 16.c4 bxc3
17.Nxc3 a4 18.Qe4 g6 19.Nd4 Nxd4 20.Nxd5 exd5 21.Qxd4 dxe5 22.fxe5 Be6 23.Rc1 Qb7
24.Rc2 Rfb8 25.Rfc1 Bf8 26.a3 Qb3 27.h3 Rb7 28.Bg5 Rab8 29.Bd2 h5 30.Ba6 Qb6
31.Qxa4 Ra7 32.Rc6 Qxb2 33.Be3 Raa8 34.Rxe6 fxe6 35.Qc6 Re8 36.Bb7 Rab8 37.Ba7 Rxb7
38.Qxe8 Qxc1+ 39.Kh2 Rxa7 40.Qxe6+ Kg7 41.Qf6+ Kh7  0-1

[Event "Smederevska Palanka"]
[Site "Smederevska Palanka"]
[Date "1982.??.??"]
[Round "9"]
[White "Barlov, Dragan"]
[Black "Kurajica, Bojan"]
[Result "1/2-1/2"]
[WhiteElo "2405"]
[BlackElo "2510"]

1.e4 c5 2.Nf3 Nc6 3.d4 cxd4 4.Nxd4 Qc7 5.Nc3 e6 6.Be2 a6 7.O-O Nf6 8.Be3 Be7
9.f4 d6 10.Kh1 Nxd4 11.Bxd4 e5 12.Be3 O-O 13.a4 exf4 14.Rxf4 Be6 15.a5 Rac8
16.Bd3 Nd7 17.Nd5 Bxd5 18.exd5 Ne5 19.Bf5 Rce8 20.Bb6 Qb8 21.Bd3 g6 22.c4 f5
23.Rf1 Bf6 24.Rb1 Bd8 25.Bg1 Bxa5 26.b4 Bc7 27.c5 Qd8 28.c6 Bb6 29.Bxb6 Qxb6
30.b5 axb5 31.Bxb5 Rb8 32.Ba4 Qa7 33.Qc2 Kg7 34.Rfe1 Rf7 35.Rxe5 dxe5 36.c7 Rc8
37.d6 b5 38.Bxb5 Rcxc7 39.dxc7 Rxc7 40.Qe2 Qc5 41.Rd1 Qc3 42.h3 e4 43.Qf2 Qe5
44.Qb6  1/2-1/2

[Event "Vinkovci"]
[Site "Vinkovci"]
[Date "1982.??.??"]
[Round "3"]
[White "Matulovic, Milan"]
[Black "Klaric, Zlatko"]
[Result "1-0"]
[WhiteElo "2460"]
[BlackElo "2440"]

1.e4 c5 2.Nf3 Nc6 3.d4 cxd4 4.Nxd4 Qb6 5.Nb3 Nf6 6.Nc3 e6 7.Bd3 a6 8.O-O Be7
9.Kh1 d6 10.f4 Qc7 11.Qf3 Nb4 12.Qg3 Nh5 13.Qf3 Nf6 14.Bd2 d5 15.e5 Nd7 16.Be2 g6
17.a3 Nc6 18.Bd3 Nc5 19.Nxc5 Bxc5 20.b4 Bd4 21.Rac1 Bd7 22.Ne2 Bb2 23.Rb1 Nd4
24.Qe3 Nxe2 25.Rxb2 Nc3 26.Qc5 Qxc5 27.bxc5 Na4 28.Rxb7 Nxc5 29.Rc7 Rc8 30.Rxc8+ Bxc8
31.Be2 Kd7 32.Rb1 Kc6 33.Ba5 Nd7 34.Rb3 Kc5 35.Kg1 g5 36.g3 gxf4 37.gxf4 f6
38.Bb4+ Kd4 39.exf6 Ke4 40.Be7 Kxf4 41.f7  1-0

[Event "Vinkovci"]
[Site "Vinkovci"]
[Date "1982.??.??"]
[Round "6"]
[White "Grigic"]
[Black "Matulovic, Milan"]
[Result "0-1"]
[WhiteElo "2200"]
[BlackElo "2460"]

1.e4 c5 2.Nf3 Nc6 3.d4 cxd4 4.Nxd4 Qc7 5.c4 Nf6 6.f3 e6 7.Nc2 Be7 8.Nc3 O-O
9.Be2 a6 10.O-O Ne5 11.b3 b5 12.f4 Ng6 13.e5 Ne8 14.Qd3 bxc4 15.Qxc4 Qb8
16.Qa4 d6 17.exd6 Nxd6 18.Be3 Qc7 19.Bd2 Bf6 20.Rf3 Bb7 21.Rd3 Nb5 22.Rc1 Nxc3
23.Rxc3 Bxc3 24.Ne3 Nxf4 25.Bf1 Nh3+ 26.Kh1 Nf2+ 27.Kg1 Ne4 28.Bxc3 Nxc3
29.Qa3 Qe5 30.Re1 Nd5 31.b4 Qc3 32.Qxc3 Nxc3 33.a3 Rfd8 34.h3 Nb5 35.Nc4 Bd5
36.a4 Bxc4 37.Bxc4 Nd4 38.Rb1 Nc2 39.Bf1 Ne3 40.Be2 Kf8 41.b5 axb5 42.axb5 Rd6  0-1

[Event "Vrnjacka Banja"]
[Site "Vrnjacka Banja"]
[Date "1982.??.??"]
[Round "14"]
[White "Jansa, Vlastimil"]
[Black "Martinovic, Slobodan"]
[Result "1-0"]
[WhiteElo "2475"]
[BlackElo "2460"]

1.e4 c5 2.Nf3 Nc6 3.d4 cxd4 4.Nxd4 Qb6 5.Nb3 Nf6 6.Nc3 e6 7.Bd3 Be7 8.Be3 Qc7
9.f4 d6 10.Qf3 O-O 11.g4 Re8 12.g5 Nd7 13.h4 Nb4 14.h5 Bf8 15.O-O-O a6 16.g6 Nxd3+
17.cxd3 Nf6 18.gxh7+ Kxh7 19.Kb1 Bd7 20.Bd4 Be7 21.Rdg1 Rg8 22.f5 e5 23.Be3 Bc6
24.Rg6 Rh8 25.Rg2 Rhg8 26.Qg3 Kh8 27.h6 g6 28.h7 Rg7 29.Rh6 Be8 30.Bg5 Rc8
31.Qh4 Qd8 32.Rf2 Rxc3 33.bxc3 Bb5 34.fxg6 fxg6  1-0

[Event "Bor"]
[Site "Bor"]
[Date "1983.??.??"]
[Round "3"]
[White "Campora, Daniel H"]
[Black "Kurajica, Bojan"]
[Result "1-0"]
[WhiteElo "2485"]
[BlackElo "2525"]

1.e4 c5 2.Nf3 Nc6 3.d4 cxd4 4.Nxd4 Qb6 5.Nb3 Nf6 6.Nc3 e6 7.g3 Bb4 8.Bg2 d5
9.O-O d4 10.e5 Nd7 11.Ne2 Ndxe5 12.Nexd4 O-O 13.c3 Be7 14.Qe2 Nxd4 15.cxd4 Nc6
16.Rd1 Nb4 17.d5 Nxa2 18.Rxa2 Qxb3 19.Ra1 Bc5 20.d6 Bd7 21.Be3 Bb5 22.Qd2 Bb4
23.Qd4 Rad8 24.Qe5 Bd3 25.Bc5 Bc2 26.Rdc1 Bxc5 27.Qxc5 Rc8 28.Qxa7 Qxb2 29.Qxb7 Qd4
30.d7 Rcd8 31.Bc6 e5 32.Qa7 Bf5 33.Qxd4 exd4 34.Ra7 Rb8 35.Rd1 d3 36.f3 Rfd8
37.g4 Bg6 38.f4 f5 39.g5 Kf8 40.Rxd3 Bf7 41.Ra5 g6 42.Re5 Rb6 43.Rd6 Rxc6
44.Rxc6 Rxd7 45.Rc8+ Kg7 46.Rec5 Rd1+ 47.Kf2 Rd2+ 48.Ke3 Rxh2 49.R5c7 h6
50.Ra8 hxg5 51.fxg5 f4+ 52.Kf3 Rh3+ 53.Kg4 Rh7 54.Rxf7+ Kxf7 55.Ra7+ Kg8
56.Rxh7 Kxh7 57.Kxf4 Kg7 58.Ke5 Kf7 59.Kd6 Kg7 60.Ke7 Kh8 61.Kf7  1-0

[Event "Bor"]
[Site "Bor"]
[Date "1983.??.??"]
[Round "5"]
[White "Abramovic, Bosko"]
[Black "Djukic, Zeljko"]
[Result "1-0"]
[WhiteElo "2480"]
[BlackElo "2370"]

1.e4 c5 2.Nf3 Nc6 3.d4 cxd4 4.Nxd4 Qc7 5.Nc3 e6 6.Be2 a6 7.O-O Nf6 8.Kh1 Nxd4
9.Qxd4 Bc5 10.Qd3 b5 11.f4 h5 12.Bf3 Ng4 13.Bd2 Bb7 14.e5 Rc8 15.Bxb7 Qxb7
16.Ne4 Nh6 17.a4 b4 18.Qf3 Qc6 19.Nxc5 Qxc5 20.Qxh5 Qd4 21.Qd1 Nf5 22.Rf3 Qxb2
23.Rb1 Qxc2 24.Qxc2 Rxc2 25.Bxb4 d5 26.exd6 Kd7 27.Ba3 Rd2 28.h3 Kc6 29.a5 Kd5
30.Rb6 Nh4 31.Rg3 e5 32.fxe5 Nxg2 33.d7 Kxe5 34.Rb2 Rxd7 35.Kxg2 f6 36.Bc5 Rh4
37.Re2+ Kf5 38.Bf8 g5 39.Bc5 Rd5 40.Bb6 Rd6 41.Rf2+ Kg6 42.Rg4 Rh7 43.Rd4 Rc6
44.Rfd2 Re7 45.Rd6 Re6 46.Rxe6 Rxe6 47.Rd7 Re2+ 48.Kf3  1-0

[Event "Bor"]
[Site "Bor"]
[Date "1983.??.??"]
[Round "7"]
[White "Pavlovic, B."]
[Black "Kurajica, Bojan"]
[Result "0-1"]
[WhiteElo "2200"]
[BlackElo "2525"]

1.e4 c5 2.Nf3 Nc6 3.d4 cxd4 4.Nxd4 Qb6 5.Nb3 Nf6 6.Bd3 g6 7.O-O Bg7 8.Be3 Qc7
9.Nc3 O-O 10.h3 d6 11.f4 a6 12.a4 b6 13.Qe2 Nb4 14.Nd2 Nd7 15.Nc4 Nc5 16.a5 bxa5
17.Nxa5 Rb8 18.Bc4 e6 19.Nb3 Nd7 20.Na5 Re8 21.Rfd1 d5 22.Bb3 dxe4 23.Nxe4 Bxb2
24.Rab1 Bg7 25.Nc4 Nd5 26.Ncd6 Rf8 27.c4 Nxe3 28.Qxe3 Nf6 29.Ng5 Bd7 30.c5 Nd5
31.Bxd5 exd5 32.Rxb8 Qxb8 33.Rxd5 Bc6 34.Rd2 Qb4 35.Ndxf7 Rxf7 36.Rd8+ Bf8
37.Qe6 Qxc5+ 38.Kh2 Qf5  0-1

[Event "DDR-ch 32th"]
[Site "Cottbus"]
[Date "1983.??.??"]
[Round "?"]
[White "Paehtz, Thomas Sr"]
[Black "Tischbierek, Raj"]
[Result "1/2-1/2"]
[WhiteElo "2395"]
[BlackElo "2395"]

1.e4 c5 2.Nf3 Nc6 3.d4 cxd4 4.Nxd4 Qc7 5.Nc3 e6 6.g3 a6 7.Bg2 Nf6 8.O-O Be7
9.Kh1 d6 10.f4 Bd7 11.Nf3 O-O 12.e5 dxe5 13.fxe5 Nd5 14.Nxd5 exd5 15.Bf4 Qb6
16.Qxd5 Be6 17.Qe4 Qxb2 18.Rfb1 Qc3 19.Bd2 Qc5 20.Rxb7 Bd5 21.Qe3 Rad8 22.Qxc5 Bxc5
23.Bc3 Nd4 24.Bxd4 Bxd4 25.Nxd4 Bxb7 26.Bxb7 Rxd4 27.Bxa6 Ra8 28.Bd3 Rda4
29.Re1 Rxa2 30.e6 Ra1 31.exf7+ Kxf7 32.Rxa1 Rxa1+ 33.Kg2 h6 34.h4 Kf6 35.Kf3 Ke5
36.Ke3 Ra7 37.Bg6 Re7 38.Bd3 Kd5+ 39.Kf3 Kd4 40.Kf2 Rf7+ 41.Ke2 Rf6 42.Bb5 Kc3
43.Bd3 Kb2 44.Ke3 Kc3 45.Ke2 Rf8 46.Ke3 Rf7 47.Ke2 Rf8 48.Ke3 Re8+ 49.Kf3 Kd2
50.Kg2 Ke3 51.Bb5 Rf8 52.Bc6 Rc8 53.Bd5 Rxc2+ 54.Kg1 Kd4 55.Bb7 Ke5 56.Kf1 Rb2
57.Bc6 Kf5 58.Bd7+ Ke5 59.Bc6 g5 60.hxg5 hxg5  1/2-1/2

[Event "Hamar op"]
[Site "Hamar"]
[Date "1983.??.??"]
[Round "8"]
[White "Elseth, Roar"]
[Black "Minev, Nikolay N"]
[Result "1/2-1/2"]
[WhiteElo "2250"]
[BlackElo "2390"]

1.e4 c5 2.Nf3 Nc6 3.d4 cxd4 4.Nxd4 Qb6 5.Nb3 Nf6 6.Nc3 e6 7.Be3 Qc7 8.a3 a6
9.f4 d6 10.Be2 Be7 11.O-O b5 12.Bf3 Bb7 13.Qe1 O-O 14.Qf2 Rac8 15.Rad1 Rfe8
16.g4 Nd7 17.g5 b4 18.axb4 Nxb4 19.Rfe1  1/2-1/2

[Event "Jajce (Women)"]
[Site "Jajce"]
[Date "1983.??.??"]
[Round "4"]
[White "Erenska Radzewska, Hanna"]
[Black "Lazarevic, Milunka"]
[Result "0-1"]
[WhiteElo "2100"]
[BlackElo "2215"]

1.e4 c5 2.Nf3 Nc6 3.d4 cxd4 4.Nxd4 Qb6 5.Nb3 Nf6 6.Nc3 e6 7.Bd3 d6 8.f4 Be7
9.Qf3 a6 10.Be3 Qc7 11.O-O O-O 12.Rae1 Bd7 13.Kh1 Nb4 14.Rc1 b5 15.Qg3 Nc6
16.Nd4 b4 17.Nce2 g6 18.c3 Qb7 19.Nb3 a5 20.c4 a4 21.Nd2 Na5 22.e5 Ne8 23.f5 exf5
24.Bh6 Ng7 25.Bxg7 Kxg7 26.exd6 Bf6 27.b3 axb3 28.axb3 Rae8 29.c5 Be5 30.Qf3 Bc6
31.Qf2 Bf6 32.Rc2 Bg5 33.Ra1 Bxd2 34.Rxa5 Be3 35.Qf1 Ra8 36.Rca2 Rxa5 37.Rxa5 Kg8
38.h3 Ra8 39.Rxa8+ Qxa8 40.Ng3 Bxc5 41.Qf4 Qa1+ 42.Kh2 Qf6 43.d7  0-1

[Event "Nis"]
[Site "Nis"]
[Date "1983.??.??"]
[Round "10"]
[White "Marjanovic, Slavoljub"]
[Black "Matulovic, Milan"]
[Result "1-0"]
[WhiteElo "2465"]
[BlackElo "2455"]

1.e4 c5 2.Nf3 Nc6 3.d4 cxd4 4.Nxd4 Qc7 5.Nc3 e6 6.Be2 a6 7.O-O Nf6 8.Kh1 Bb4
9.Nxc6 bxc6 10.f4 d5 11.e5 Bxc3 12.bxc3 Ne4 13.Bd3 c5 14.c4 Bb7 15.Qe1 O-O
16.Rb1 f5 17.exf6 Rxf6 18.Bb2 Rxf4 19.Rxf4 Qxf4 20.Bxg7 Kxg7 21.Rxb7+ Kh8
22.Kg1 Ng5 23.Qf2 Qxf2+ 24.Kxf2 dxc4 25.Be2 Rd8 26.Ke3 Rd4 27.Rc7 Re4+ 28.Kf2 Rh4
29.Kg1 Rd4 30.Rxc5 Rd2 31.Kf1 Ne4 32.Rxc4 Nd6 33.Rc7 Nb5 34.Rc8+ Kg7 35.Ke1 Rd4
36.Bd3 Ra4 37.Ra8 Nc3 38.Ra7+ Kf6 39.Rxh7 Nxa2 40.Kd2 Nb4 41.Rh6+ Ke5 42.Bc4 Nd5
43.Rh5+ Kd6 44.Bxd5 exd5 45.g3 a5 46.Rg5 Ra1 47.h4 a4 48.Kc3 Rb1 49.Rg4 a3
50.Ra4 Rg1 51.Rxa3 Rxg3+ 52.Kb2 Rg8 53.h5 Rb8+ 54.Rb3 Rh8 55.h6 Kc5 56.Rh3 Kd4
57.h7 Ke4 58.Kc3 Rc8+ 59.Kd2 Rh8 60.Rh4+ Ke5 61.Kd3  1-0

[Event "Nis"]
[Site "Nis"]
[Date "1983.??.??"]
[Round "12"]
[White "Marjanovic, Slavoljub"]
[Black "Djukic, Zeljko"]
[Result "1-0"]
[WhiteElo "2465"]
[BlackElo "2370"]

1.e4 c5 2.Nf3 Nc6 3.d4 cxd4 4.Nxd4 Qc7 5.Nc3 e6 6.Be2 a6 7.O-O Nf6 8.Be3 Bb4
9.Na4 O-O 10.Nxc6 bxc6 11.Nb6 Rb8 12.Nxc8 Rfxc8 13.Bxa6 Rd8 14.Bd3 Bd6 15.Kh1 Be5
16.c3 Rxb2 17.Qc1 Ng4 18.f4 Nxe3 19.Qxb2 Bxf4 20.Qf2 Nxf1 21.Rxf1 g5 22.g3 Be5
23.Qxf7+ Kh8 24.Qh5 Qd6 25.Rf7 Bg7 26.Qxg5 Rg8 27.Bc2 e5 28.Bb3 h6 29.Qg4 Qd3
30.Rf3 Qb1+ 31.Kg2 d5 32.exd5 e4 33.Rf1 Qd3 34.dxc6 e3 35.Rd1 e2 36.Rxd3 e1=N+  1-0

[Event "Tbilisi"]
[Site "Tbilisi"]
[Date "1983.??.??"]
[Round "?"]
[White "Mnatsakanian, Eduard A"]
[Black "Gufeld, Eduard"]
[Result "1/2-1/2"]
[WhiteElo "2435"]
[BlackElo "2480"]

1.e4 c5 2.Nf3 Nc6 3.d4 cxd4 4.Nxd4 Qb6 5.Nb3 Nf6 6.Nc3 e6 7.Be3 Qc7 8.f4 Bb4
9.Bd3 b6 10.O-O Bxc3 11.bxc3 Bb7 12.Qe2 d6 13.Bf2 Ne7 14.c4 Ng6 15.Be1 O-O
16.Bc3  1/2-1/2